| 000 | 02489cam a2200385 i 4500 | ||
|---|---|---|---|
| 999 |
_c112702 _d112702 |
||
| 003 | BJBSDDR | ||
| 005 | 20230411090119.0 | ||
| 007 | ta | ||
| 008 | 150227s2015 nyu 000 0 eng | ||
| 020 | _a9781454849476 (pbk) | ||
| 020 | _a1454849479 | ||
| 040 |
_aDLC _bspa _cDLC |
||
| 041 | _aeng | ||
| 042 | _apcc | ||
| 043 | _an-us--- | ||
| 050 | 1 | 4 |
_aKF 4550 _bC517c 2015 |
| 082 | 0 | 0 |
_a342.73 _223 |
| 100 | 1 |
_aChemerinsky, Erwin _eauthor. _d1953- |
|
| 245 | 1 | 0 |
_aConstitutional law : _bprinciples and policies / _cErwin Chemerinsky, Dean, and Distinguished Professor of Law, Raymond Pryke Professor of First Amendment Law University of California, Irvine School of Law. |
| 250 | _aFifth Edition. | ||
| 264 | 1 |
_aNew York : _bWolters Kluwer, _c2015. |
|
| 300 |
_axxvi, 1439 pages ; _c26 cm. |
||
| 336 |
_atext _2rdacontent |
||
| 337 |
_aunmediated _2rdamedia |
||
| 338 |
_avolume _2rdacarrier |
||
| 440 | _aAspen Student treatise series | ||
| 504 | _aIncludes bibliographical references and index. | ||
| 505 | 0 | _aHistorical background and contemporary themes -- The federal judicial power -- The federal legislativce power -- The federal executive power -- Limits on state regulatory and taxing power -- The structure of the Constitution's protection of civil rights and civil liberties -- Procedural due process -- Economic liberties -- Equal protection -- Fundamental rights -- First Amendment : expression -- First Amendment : religion. | |
| 520 | _aRelied on by students, professors, and practitioners, Erwin Chemerinsky s popular treatise clearly states the law and identifies the underlying policy issues in each area of constitutional law. Thorough coverage of the topic makes it appropriate for both beginning and advanced courses. This new, Fifth Edition features updated material throughout, including: Significant attention given to developments in law since publication of previous edition New material on standing, congressional power, presidential power and the war on terror; preemption, school desegregation; abortion rights and voting rights Covers First Amendment issues concerning speech and religion.Includes recent and significant cases: Hein v. Freedom from Religion Foundation; Boumediene v. Bush; Hamdan v. Rumsfeld; Wyeth v. Levine; Philip Morris USA v. Williams. | ||
| 650 | 0 |
_aConstitutional law _zUnited States. |
|
| 650 | 4 |
_aDerecho constitucional _zEstados Unidos _97454 |
|
| 655 | 7 |
_aTextbooks. _2lcgft |
|
| 942 |
_2lcc _cBK |
||
| 946 | _iSH | ||